[Event "DMP - III LIGA SZACHOWA SENIOROW PK 2016"]
[Site "Czudec"]
[Date "2016.??.??"]
[Round "1.1"]
[White "Lach, Ireneusz"]
[Black "Czajkowski, Ryszard"]
[Result "0-1"]
[WhiteElo "1984"]
[BlackElo "2076"]
[PlyCount "136"]
[EventDate "2016.??.??"]

1. e4 e6 2. d4 d5 3. e5 c5 4. c3 Nc6 5. Nf3 Qb6 6. Be2 cxd4 7. cxd4 Nh6 8. Nc3
Nf5 9. Na4 Qa5+ 10. Kf1 h5 11. a3 b5 12. Nc3 a6 13. Be3 Bd7 14. Bd3 Nxe3+ 15.
fxe3 b4 16. axb4 Qxb4 17. Qe2 a5 18. Kf2 Rb8 19. Rhb1 Be7 20. Kg1 Na7 21. e4
dxe4 22. Bxe4 Bd8 23. Kh1 Nb5 24. Qd3 Nc7 25. d5 Nxd5 26. Nxd5 exd5 27. Bxd5
O-O 28. Ba2 Qg4 29. Rd1 Rxb2 30. Rd2 Bf5 31. Qc3 Rxd2 32. Nxd2 Be6 33. h3 Qg6
34. Bb1 Qh6 35. Ne4 Bd5 36. Qd2 Qc6 37. Qc2 g6 38. Qd3 Bxe4 39. Qxe4 Qxe4 40.
Bxe4 Re8 41. Rb1 Bc7 42. Bf3 Rxe5 43. Kg1 h4 44. Kf2 g5 45. Bd1 Rc5 46. Kf3
Rc3+ 47. Ke4 Kg7 48. Rb7 Rc1 49. Be2 Kf6 50. Bd3 Bg3 51. Be2 Be1 52. Kd4 Bc3+
53. Kd3 Bb4 54. Bf3 Rc5 55. Kd4 Rf5 56. Bd5 Kg7 57. Kc4 Rf4+ 58. Kb3 Kg6 59.
Bc4 Kf6 60. Bd5 Kg6 61. Bc4 f5 62. Rb6+ Kg7 63. Bd5 Bf8 64. Rb7+ Kf6 65. Bf3 g4
66. hxg4 fxg4 67. Bd5 g3 68. Rb5 Bb4 0-1

[Event "DMP - III LIGA SZACHOWA SENIOROW PK 2016"]
[Site "Czudec"]
[Date "2016.??.??"]
[Round "1.2"]
[White "Czarnecki, Wojciech"]
[Black "Lach, Dariusz"]
[Result "1-0"]
[WhiteElo "2014"]
[BlackElo "1795"]
[Annotator "Szachy"]
[PlyCount "119"]
[EventDate "2016.??.??"]

1. Nf3 {[%emt 0:00:00]} Nf6 2. g3 g6 3. Bg2 Bg7 4. O-O O-O 5. c4 d6 6. Nc3 e5
7. d3 c6 8. b4 Nbd7 9. Qb3 h6 10. a4 Kh7 11. Ba3 Qc7 12. b5 c5 13. Rfd1 Rb8 14.
Ra2 Re8 15. e3 Nf8 16. d4 exd4 17. exd4 Be6 18. dxc5 dxc5 19. Nd5 Nxd5 20. cxd5
Bg4 21. Qc4 Bxf3 22. Bxf3 Rec8 23. Re2 b6 24. d6 Qd8 25. Qxf7 Qf6 26. Re7 Kh8
27. Qxf6 Bxf6 28. Rxa7 Rd8 29. Bc1 g5 30. d7 Bd4 31. Bc6 Kg7 32. Kg2 Kf7 33.
Re1 Bf6 34. h4 Ng6 35. hxg5 hxg5 36. f4 gxf4 37. gxf4 Ne7 38. Kf3 Rh8 39. Rd1
Rhd8 40. Ke4 Ke6 41. f5+ Kf7 42. Bf4 Ng8 43. Bxb8 Be7 44. Bd5+ Kf8 45. Bxg8
Rxb8 46. Bd5 Rd8 47. Rg1 Bf6 48. Rg8+ Ke7 49. Rxd8 Kxd8 50. Be6 c4 51. Ra8+ Kc7
52. Rc8+ Kb7 53. d8=Q Bxd8 54. Rxd8 c3 55. Rc8 Ka7 56. Rxc3 Kb7 57. f6 Ka7 58.
f7 Kb7 59. f8=Q Ka7 60. Rc7# 1-0

[Event "DMP - III LIGA SZACHOWA SENIOROW PK 2016"]
[Site "Czudec"]
[Date "2016.??.??"]
[Round "1.4"]
[White "Juszczuk, Grzegorz"]
[Black "Lach, Mateusz"]
[Result "1-0"]
[WhiteElo "1861"]
[BlackElo "1426"]
[PlyCount "105"]
[EventDate "2016.??.??"]

1. d4 e6 2. Nf3 d5 3. Bf4 c5 4. e3 Nc6 5. Be2 a6 6. O-O c4 7. a4 Bd7 8. b3 b5
9. c3 f5 10. Ne5 Nf6 11. Nd2 Be7 12. Bh5+ g6 13. Bf3 Qc8 14. Qc2 O-O 15. Qa2
Nxe5 16. dxe5 Ne4 17. Bxe4 fxe4 18. a5 h5 19. h3 Kh7 20. b4 g5 21. Bg3 Be8 22.
f3 exf3 23. Nxf3 Bg6 24. Nd4 Bd3 25. Rxf8 Bxf8 26. Qf2 Bf5 27. Nxf5 exf5 28.
Qf3 Qe6 29. Qxh5+ Bh6 30. Rd1 Rf8 31. Rd4 Rd8 32. Qf3 Kg6 33. h4 g4 34. Qf2 Bg7
35. Qf4 Bh6 36. Qf2 Bf8 37. Bf4 Be7 38. g3 Kh5 39. Qd2 Bf8 40. Kf2 Bg7 41. e4
fxe4 42. Rxe4 Rf8 43. Rd4 Rf5 44. Rxd5 Bxe5 45. Rc5 Bxf4 46. Qxf4 Rxc5 47. bxc5
Kg6 48. Qd6 Kf6 49. h5 b4 50. cxb4 c3 51. Qxe6+ Kxe6 52. Ke2 Kd5 53. Kd3 1-0

[Event "DMP - III LIGA SZACHOWA SENIOROW PK 2016"]
[Site "Czudec"]
[Date "2016.??.??"]
[Round "1.6"]
[White "Burdzy, Joanna"]
[Black "Trybowska, Anna"]
[Result "1-0"]
[WhiteElo "1660"]
[BlackElo "1555"]
[PlyCount "87"]
[EventDate "2016.??.??"]

1. e4 e5 2. Nf3 Nc6 3. Bc4 h6 4. c3 Nf6 5. d3 Bc5 6. O-O O-O 7. d4 exd4 8. cxd4
Bb6 9. Nc3 d6 10. h3 Ba5 11. Qc2 Bxc3 12. bxc3 d5 13. exd5 Nxd5 14. Re1 Be6 15.
Bd3 Qf6 16. Ne5 Nce7 17. Ba3 Rfd8 18. Bc1 Nf4 19. Bxf4 Qxf4 20. Re4 Qg5 21. Nf3
Qf6 22. Rae1 Nd5 23. Qd2 Bf5 24. Re5 Bxh3 25. c4 Nb6 26. Qe2 Bd7 27. c5 Na4 28.
Qe4 g6 29. Qe3 Kg7 30. Bc2 Re8 31. Qa3 Qa6 32. Re7 Qa5 33. Rxd7 Rxe1+ 34. Kh2
b5 35. Nxe1 Qxe1 36. Qf3 Qe8 37. Rxc7 Rd8 38. Bxg6 Kxg6 39. Rc6+ Kg7 40. Qg4+
Kh7 41. Qf5+ Kg8 42. Rxh6 Qd7 43. Qg5+ Kf8 44. Rh8# 1-0

[Event "DMP - III LIGA SZACHOWA SENIOROW PK 2016"]
[Site "Czudec"]
[Date "2016.??.??"]
[Round "1.7"]
[White "Lewicki, Miroslaw"]
[Black "Lewtak, Damian"]
[Result "0-1"]
[WhiteElo "2319"]
[BlackElo "2323"]
[Annotator "Szachy"]
[PlyCount "58"]
[EventDate "2016.??.??"]

1. e4 {[%emt 0:00:00]} c5 2. Nf3 d6 3. d4 cxd4 4. Nxd4 Nf6 5. Nc3 Nc6 6. Nb3 a6
7. Be2 b5 8. Be3 e6 9. g4 Bb7 10. a3 Ne5 11. f3 Nc4 12. Bxc4 bxc4 13. Nd4 e5
14. Nf5 g6 15. Ng3 d5 16. g5 d4 17. gxf6 Qxf6 18. Qe2 dxe3 19. Qxc4 Bh6 20. Qb4
O-O-O 21. Nd5 Qxf3 22. Rf1 Qg2 23. Qc5+ Kb8 24. Rxf7 Rd7 25. Ne7 Bf4 26. Nc6+
Bxc6 27. Qb6+ Bb7 28. Rxd7 Qf2+ 29. Kd1 e2+ 0-1

[Event "DMP - III LIGA SZACHOWA SENIOROW PK 2016"]
[Site "Czudec"]
[Date "2016.??.??"]
[Round "1.9"]
[White "Mika, Tomasz"]
[Black "Mis, Mieszko"]
[Result "0-1"]
[WhiteElo "2051"]
[BlackElo "2069"]
[Annotator "Szachy"]
[PlyCount "44"]
[EventDate "2016.??.??"]

1. c4 {[%emt 0:00:00]} c5 2. Nc3 Nc6 3. g3 g6 4. Bg2 Bg7 5. Nf3 e6 6. d3 Nge7
7. h4 h6 8. Bd2 d5 9. cxd5 exd5 10. Rc1 Be6 11. a3 O-O 12. Qa4 a6 13. Qf4 f5
14. Na4 b6 15. d4 cxd4 16. Rc2 g5 17. Nxg5 hxg5 18. hxg5 d3 19. exd3 Ng6 20.
Qe3 Nd4 21. Rc1 Re8 22. g4 f4 0-1

[Event "DMP - III LIGA SZACHOWA SENIOROW PK 2016"]
[Site "Czudec"]
[Date "2016.??.??"]
[Round "1.10"]
[White "Kozak, Antoni"]
[Black "Gawiec, Konrad"]
[Result "1/2-1/2"]
[WhiteElo "1932"]
[BlackElo "1987"]
[PlyCount "197"]
[EventDate "2016.??.??"]

1. e4 c5 2. Nf3 Nc6 3. Bb5 g6 4. O-O Bg7 5. Re1 e5 6. b4 cxb4 7. a3 b3 8. cxb3
Nge7 9. Bb2 Nd4 10. Nxd4 exd4 11. a4 O-O 12. Na3 a6 13. Bf1 d5 14. exd5 Nxd5
15. Nc4 Qg5 16. Qf3 Be6 17. Qg3 Qxg3 18. hxg3 Rfd8 19. a5 Nb4 20. Ra4 Nc6 21.
Bd3 Re8 22. Raa1 Rad8 23. Be4 Bxc4 24. bxc4 Bf8 25. d3 Bb4 26. Reb1 Bc3 27. Kf1
Re5 28. Bxc3 dxc3 29. Rc1 Rh5 30. f4 Nd4 31. Kf2 Nb3 32. Rab1 Nxc1 33. Rxc1
Rxa5 34. Rxc3 b5 35. c5 b4 36. Rc4 f5 37. Bb7 Rxd3 38. c6 Rc3 39. Rxb4 Ra2+ 40.
Kg1 Kg7 41. Rd4 Rc1+ 42. Kh2 Rac2 43. Bxa6 Rxc6 44. Be2 Re6 45. Bf3 h5 46. Rd1
Rxd1 47. Bxd1 Re1 48. Bf3 Kf6 49. Bd5 Ke7 50. Bc4 Rc1 51. Bb3 Rc3 52. Ba2 Kf6
53. Bd5 g5 54. fxg5+ Kxg5 55. Bf3 Rc1 56. Bd5 Rf1 57. Bf3 Re1 58. Bd5 h4 59.
Bc6 Rf1 60. Bf3 Rf2 61. Kh3 hxg3 62. Kxg3 Ra2 63. Bd1 Rd2 64. Bf3 Rd4 65. Bc6
Rd3+ 66. Bf3 f4+ 67. Kf2 Kh4 68. Bc6 Kg4 69. Bb5 Rc3 70. Be2+ Kh4 71. Bf3 Rc2+
72. Be2 Kg5 73. Kf3 Rb2 74. Bc4 Kf5 75. g3 fxg3 76. Kxg3 Ke4 77. Bf7 Rb6 78.
Kg4 Rf6 79. Be8 Rf1 80. Kg5 Rf4 81. Kg6 Ke5 82. Kg7 Ke6 83. Bb5 Rg4+ 84. Kh8
Kf7 85. Bd3 Rh4+ 86. Bh7 Kf6 87. Kg8 Rg4+ 88. Kh8 Rg7 89. Bc2 Kf7 90. Bd3 Rg8+
91. Kh7 Rc8 92. Bg6+ Kf6 93. Be4 Rc4 94. Bd3 Rd4 95. Bc2 Rd2 96. Be4 Rd4 97.
Bc2 Kf7 98. Kh8 Rh4+ 99. Bh7 1/2-1/2

[Event "DMP - III LIGA SZACHOWA SENIOROW PK 2016"]
[Site "Czudec"]
[Date "2016.??.??"]
[Round "1.11"]
[White "Kucharski, Bartlomiej"]
[Black "Szpar, Milosz"]
[Result "0-1"]
[WhiteElo "1667"]
[BlackElo "1956"]
[PlyCount "86"]
[EventDate "2016.??.??"]

1. f4 Nf6 2. Nf3 g6 3. g3 Bg7 4. Bg2 c5 5. O-O Nc6 6. d3 d5 7. c3 O-O 8. Qe1 d4
9. Na3 Nd5 10. Bd2 Rb8 11. e4 dxe3 12. Bxe3 b6 13. Rd1 Ba6 14. Rf2 Re8 15. d4
Nxe3 16. Qxe3 cxd4 17. cxd4 e6 18. Rfd2 Ne7 19. Ne5 Nd5 20. Qb3 Bb7 21. Nc2 f6
22. Nc4 Qe7 23. Re1 Rbd8 24. Rde2 Qd7 25. Bh3 f5 26. Ne5 Qd6 27. Bg2 Qc7 28.
Nf3 Ba6 29. Rd2 Bc4 30. Qa3 Bf8 31. b4 a5 32. Qb2 Nxb4 33. a3 Nd3 34. Rxd3 Bxd3
35. Rc1 Qd6 36. a4 Be4 37. Rd1 Qc6 38. Nce1 Qxa4 39. Rc1 Qa3 40. Qd2 Bb4 41.
Qd1 Bxe1 42. Nxe1 Qe3+ 43. Kh1 Rxd4 0-1

[Event "DMP - III LIGA SZACHOWA SENIOROW PK 2016"]
[Site "Czudec"]
[Date "2016.??.??"]
[Round "1.13"]
[White "Rawicz, Karol"]
[Black "Piekarski, Lukasz"]
[Result "1/2-1/2"]
[WhiteElo "2228"]
[BlackElo "1971"]
[PlyCount "46"]
[EventDate "2016.??.??"]

1. d4 Nf6 2. c4 g6 3. Nc3 Bg7 4. e4 d6 5. f3 O-O 6. Bg5 c5 7. d5 Qa5 8. Qd2 a6
9. h4 Nbd7 10. h5 Ne5 11. Bh6 Bd7 12. Bxg7 Kxg7 13. hxg6 fxg6 14. Qh6+ Kg8 15.
Nh3 Bxh3 16. Qxh3 Qb4 17. f4 Nxc4 18. Bxc4 Qxc4 19. Qe6+ Rf7 20. g4 Qd3 21. g5
Qe3+ 22. Kd1 Qd3+ 23. Ke1 Qe3+ 1/2-1/2

[Event "DMP - III LIGA SZACHOWA SENIOROW PK 2016"]
[Site "Czudec"]
[Date "2016.??.??"]
[Round "1.14"]
[White "Pasionek, Ariel"]
[Black "Fistek, Dariusz"]
[Result "0-1"]
[WhiteElo "1959"]
[BlackElo "2239"]
[Annotator "Szachy"]
[PlyCount "102"]
[EventDate "2016.??.??"]

1. e4 {[%emt 0:00:00]} c5 2. Nf3 d6 3. d4 cxd4 4. Nxd4 Nf6 5. Nc3 Nc6 6. Bg5 e6
7. Be2 a6 8. O-O Be7 9. Bf3 Bd7 10. Re1 h6 11. Be3 Rc8 12. Nce2 Ne5 13. Ng3 Qc7
14. c3 b5 15. Qe2 O-O 16. Rad1 Nc4 17. Bc1 Rfe8 18. Qd3 Bf8 19. Nh5 Nxh5 20.
Bxh5 g6 21. Qg3 Kh7 22. Be2 e5 23. Nc2 Qb7 24. Bg4 Be6 25. Bxe6 fxe6 26. Qh3 d5
27. exd5 exd5 28. b3 Nb6 29. Ne3 Bg7 30. Ng4 h5 31. Bg5 Qf7 32. Qh4 Rxc3 33.
Bf6 Nd7 34. Bxg7 Kxg7 35. Nxe5 Nxe5 36. Qd4 Rc2 37. Rxe5 Rxe5 38. Qxe5+ Qf6 39.
Qxf6+ Kxf6 40. g3 Ke5 41. Re1+ Kf5 42. Rd1 Ke4 43. Re1+ Kd3 44. Re3+ Kd2 45.
Re6 d4 46. Rxa6 d3 47. Kg2 Kc1 48. a4 b4 49. Rxg6 d2 50. Rd6 d1=Q 51. Rxd1+
Kxd1 0-1

[Event "DMP - III LIGA SZACHOWA SENIOROW PK 2016"]
[Site "Czudec"]
[Date "2016.??.??"]
[Round "1.15"]
[White "Muc, Marcin"]
[Black "Krynicki, Henryk"]
[Result "1-0"]
[WhiteElo "2128"]
[BlackElo "1758"]
[PlyCount "73"]
[EventDate "2016.??.??"]

1. d4 Nf6 2. Nf3 c5 3. c4 cxd4 4. Nxd4 e5 5. Nb5 d5 6. cxd5 a6 7. N5c3 Bc5 8.
b4 Ba7 9. e3 O-O 10. Bb2 Qd6 11. Qb3 Rd8 12. Nd2 b5 13. Be2 Nc6 14. a3 Ne7 15.
e4 Nc6 16. O-O Nd4 17. Qd1 Nxe2+ 18. Qxe2 Ng4 19. h3 Nh6 20. Nf3 f6 21. Bc1 Bd4
22. Qd3 Bxc3 23. Qxc3 Bd7 24. Bxh6 gxh6 25. Qc5 Be8 26. Nh4 Bg6 27. Qe3 a5 28.
Nxg6 hxg6 29. Qxh6 f5 30. Rac1 Ra6 31. exf5 gxf5 32. Qg5+ Kh8 33. Qxf5 Qf6 34.
Qxf6+ Rxf6 35. Rc5 axb4 36. axb4 Rb6 37. Re1 1-0

[Event "DMP - III LIGA SZACHOWA SENIOROW PK 2016"]
[Site "Czudec"]
[Date "2016.??.??"]
[Round "1.16"]
[White "Chmielowski, Dominik"]
[Black "Wozny, Tomasz"]
[Result "0-1"]
[WhiteElo "1595"]
[BlackElo "1758"]
[PlyCount "156"]
[EventDate "2016.??.??"]

1. d4 d5 2. c4 Nf6 3. Nc3 c6 4. e3 e6 5. Nf3 Nbd7 6. Bd3 Be7 7. O-O O-O 8. cxd5
exd5 9. e4 dxe4 10. Bxe4 Nxe4 11. Nxe4 Nf6 12. Re1 Bg4 13. Bg5 Nxe4 14. Rxe4
Bxf3 15. Bxe7 Bxd1 16. Bxd8 Bc2 17. Re2 Rfxd8 18. Rxc2 Rxd4 19. Re1 Rad8 20. g3
Rd1 21. Rce2 Rxe1+ 22. Rxe1 Kf8 23. Re2 f5 24. h4 Kf7 25. Kg2 h6 26. Re5 Rd5
27. Re3 Rd2 28. Rb3 b6 29. Ra3 a5 30. Rc3 c5 31. Rb3 Rd6 32. a4 Ke6 33. Re3+
Kd5 34. b3 g5 35. Rd3+ Kc6 36. Re3 Kd5 37. Rd3+ Ke5 38. f4+ gxf4 39. gxf4+ Ke6
40. Re3+ Kf6 41. h5 Rd4 42. Kf3 Rd1 43. Kg2 Rd2+ 44. Kg3 Rd4 45. Kf3 Rb4 46.
Rd3 Ke6 47. Re3+ Kd6 48. Rd3+ Rd4 49. Re3 c4 50. bxc4 Rxc4 51. Rb3 Kc6 52. Rb5
Rc3+ 53. Ke2 Rc5 54. Rb3 Rc4 55. Rb5 Rxf4 56. Ke3 Re4+ 57. Kd3 Rf4 58. Ke3 Rf1
59. Ke2 Ra1 60. Rxf5 Rxa4 61. Rf6+ Kc5 62. Rxh6 Rh4 63. Kd2 b5 64. Rh8 Kb4 65.
Kc2 Rh2+ 66. Kc1 Kb3 67. h6 a4 68. Rd8 Rxh6 69. Rd3+ Kc4 70. Rg3 Rd6 71. Kc2 b4
72. Rg4+ Rd4 73. Rg8 b3+ 74. Kc1 Kb4 75. Rg7 Ka3 76. Rg2 Rh4 77. Kd2 b2 78. Kc2
Rc4+ 0-1

[Event "DMP - III LIGA SZACHOWA SENIOROW PK 2016"]
[Site "Czudec"]
[Date "2016.??.??"]
[Round "1.17"]
[White "Krzywon, Leszek"]
[Black "Pejski, Adam"]
[Result "1/2-1/2"]
[WhiteElo "1838"]
[BlackElo "1399"]
[Annotator "Szachy"]
[PlyCount "59"]
[EventDate "2016.??.??"]

1. c4 {[%emt 0:00:00]} Nf6 2. Nc3 g6 3. Nf3 Bg7 4. g3 O-O 5. Bg2 c5 6. O-O d6
7. h3 Bd7 8. d3 Nc6 9. Kh2 a6 10. Ng1 Rb8 11. f4 b5 12. cxb5 axb5 13. Ne4 Qb6
14. Rb1 Be6 15. b3 Nb4 16. Qd2 Nxe4 17. Bxe4 d5 18. Bg2 Rfd8 19. a3 Nc6 20. e3
c4 21. bxc4 dxc4 22. d4 Bf5 23. Ra1 Nxd4 24. exd4 Bxd4 25. Qa2 Bxa1 26. Qxa1 b4
27. axb4 Qxb4 28. Ba3 Qd2 29. Nf3 Qa5 30. Bxe7 1/2-1/2

[Event "DMP - III LIGA SZACHOWA SENIOROW PK 2016"]
[Site "Czudec"]
[Date "2016.??.??"]
[Round "1.18"]
[White "Michalska, Marta"]
[Black "Wolowiec-musial, Malgorzata"]
[Result "1/2-1/2"]
[WhiteElo "1570"]
[BlackElo "1857"]
[PlyCount "45"]
[EventDate "2016.??.??"]

1. c4 c5 2. g3 Nf6 3. Bg2 e6 4. Nc3 Be7 5. e3 O-O 6. Nge2 Nc6 7. O-O Rb8 8. d4
cxd4 9. exd4 d6 10. Be3 Qa5 11. a3 Qh5 12. b4 Ng4 13. h3 Nxe3 14. fxe3 e5 15.
d5 Nd8 16. g4 Qh6 17. e4 Bg5 18. Rf3 Be3+ 19. Kf1 Bb6 20. Na4 Bc7 21. Qc1 Qh4
22. Qe3 b6 23. Nac3 1/2-1/2

[Event "DMP - III LIGA SZACHOWA SENIOROW PK 2016"]
[Site "Czudec"]
[Date "2016.??.??"]
[Round "1.19"]
[White "Przybek, Tomasz"]
[Black "Gierulski, Kamil"]
[Result "0-1"]
[WhiteElo "1987"]
[BlackElo "2165"]
[Annotator "Szachy"]
[PlyCount "32"]
[EventDate "2016.??.??"]

1. d4 {[%emt 0:00:00]} Nf6 {[%emt 0:00:00]} 2. Nf3 e6 3. c4 b6 4. g3 Ba6 5.
Nbd2 Bb7 6. a3 c5 7. d5 exd5 8. cxd5 Bxd5 9. e4 Nxe4 10. Nxe4 Bxe4 11. Bg5 Be7
12. Bd3 Bxf3 13. Qxf3 Nc6 14. O-O Bxg5 15. Rfe1+ Be7 16. Rxe7+ Qxe7 0-1

[Event "DMP - III LIGA SZACHOWA SENIOROW PK 2016"]
[Site "Czudec"]
[Date "2016.??.??"]
[Round "1.20"]
[White "Miasik, Adrian"]
[Black "Mroczek, Jacek"]
[Result "0-1"]
[WhiteElo "1903"]
[BlackElo "1923"]
[PlyCount "108"]
[EventDate "2016.??.??"]

1. d4 Nf6 2. Nf3 g6 3. c4 Bg7 4. Nc3 O-O 5. e4 d6 6. Be2 e5 7. dxe5 dxe5 8. Bg5
Nbd7 9. h3 c6 10. Qc2 Qc7 11. Be3 Re8 12. O-O Nf8 13. Rfd1 Ne6 14. b4 Nh5 15.
Rab1 Nef4 16. Bf1 h6 17. b5 Be6 18. b6 axb6 19. Rxb6 g5 20. Nh2 Qc8 21. g4 Nf6
22. f3 Nd7 23. Rb2 Bf8 24. Na4 c5 25. Nc3 Ra3 26. Rb3 Qa8 27. Rdb1 b6 28. Rxa3
Qxa3 29. Rb3 Qa6 30. Nd5 Bxd5 31. cxd5 Qa7 32. Bxf4 exf4 33. Bb5 Rb8 34. h4 Bg7
35. hxg5 Bd4+ 36. Kg2 hxg5 37. Nf1 Ne5 38. Nd2 Qa5 39. a4 Kg7 40. Rb1 Rh8 41.
Rh1 Rxh1 42. Kxh1 Be3 43. Nf1 Qe1 44. Kg2 Bd4 45. d6 Kf8 46. Qd2 Qh4 47. Qe2
Ng6 48. d7 Ke7 49. a5 bxa5 50. Qa2 Qh8 51. Nh2 Nh4+ 52. Kf1 Nxf3 53. Qd5 Qh3+
54. Ke2 Qxh2+ 0-1

[Event "DMP - III LIGA SZACHOWA SENIOROW PK 2016"]
[Site "Czudec"]
[Date "2016.??.??"]
[Round "1.21"]
[White "Mytych, Rafal"]
[Black "Luka, Krzysztof"]
[Result "1-0"]
[WhiteElo "1768"]
[BlackElo "1876"]
[PlyCount "79"]
[EventDate "2016.??.??"]

1. e4 g6 2. d4 d6 3. Nc3 Bg7 4. Bc4 Nd7 5. Be3 e5 6. Nge2 Ngf6 7. f3 c6 8. a4
Qe7 9. Qd2 a5 10. O-O O-O 11. Rad1 Re8 12. Rfe1 Nf8 13. Nc1 Kh8 14. Nb3 Be6 15.
d5 cxd5 16. Nxd5 Nxd5 17. Bxd5 Ra6 18. Nxa5 Rb8 19. b3 Bxd5 20. Qxd5 Ne6 21.
Nc4 f5 22. exf5 Nc7 23. Qd3 d5 24. Nd2 gxf5 25. Qxf5 Rf8 26. Qh5 Rg6 27. c4 d4
28. Bf2 Rh6 29. Qg4 Ne6 30. Bg3 Rg6 31. Qh4 Qc5 32. Kh1 Rh6 33. Qe4 Rh5 34. Qd5
Qb6 35. Bxe5 Bxe5 36. Rxe5 Nf4 37. Qe4 Qh6 38. Rxh5 Qxh5 39. Qxd4+ Kg8 40. Ne4
1-0

[Event "DMP - III LIGA SZACHOWA SENIOROW PK 2016"]
[Site "Czudec"]
[Date "2016.??.??"]
[Round "1.22"]
[White "Babiarz, Mariusz"]
[Black "Lusio, Daniel"]
[Result "1/2-1/2"]
[WhiteElo "1888"]
[BlackElo "1877"]
[PlyCount "65"]
[EventDate "2016.??.??"]

1. e4 c6 2. c4 d5 3. cxd5 cxd5 4. exd5 Qxd5 5. Nc3 Qd8 6. d4 e6 7. Nf3 Nf6 8.
Be2 Be7 9. O-O O-O 10. Be3 Nc6 11. a3 a6 12. Rc1 Nd5 13. Nxd5 exd5 14. Ne5 Qb6
15. b4 Be6 16. Nxc6 bxc6 17. Qa4 Rfc8 18. Ra1 Bd7 19. Rfb1 Bd6 20. Qd1 f5 21.
Qd2 Re8 22. Bd3 Qc7 23. g3 Rf8 24. f4 Rfe8 25. Bf2 a5 26. bxa5 Rxa5 27. a4 Qa7
28. Bc2 g6 29. Re1 Rxe1+ 30. Rxe1 Kf7 31. h3 Qc7 32. Ra1 Ra6 33. Rb1 1/2-1/2

[Event "DMP - III LIGA SZACHOWA SENIOROW PK 2016"]
[Site "Czudec"]
[Date "2016.??.??"]
[Round "1.23"]
[White "Klis, Michal"]
[Black "Babiarz, Arkadiusz"]
[Result "1/2-1/2"]
[WhiteElo "1654"]
[BlackElo "1656"]
[PlyCount "82"]
[EventDate "2016.??.??"]

1. e4 c5 2. Nf3 e6 3. d4 cxd4 4. Nxd4 a6 5. Nc3 b5 6. a3 Bb7 7. Bd3 Qc7 8. O-O
Nf6 9. Bg5 Be7 10. Re1 d6 11. Bxf6 Bxf6 12. Bxb5+ Nc6 13. Bxc6+ Bxc6 14. Nd5
Bxd5 15. exd5 Bxd4 16. Qxd4 e5 17. Qa4+ Qd7 18. Qxd7+ Kxd7 19. c4 Rhc8 20. Rac1
a5 21. f3 Rab8 22. Re2 Rb3 23. Kf2 a4 24. Rcc2 Rcb8 25. g4 Kc7 26. h4 Kb6 27.
c5+ Kc7 28. Red2 dxc5 29. Rxc5+ Kd6 30. Rc6+ Kd7 31. Ra6 Rxb2 32. Rxb2 Rxb2+
33. Kg3 Rd2 34. Rxa4 Rxd5 35. f4 Rd3+ 36. Kf2 exf4 37. Rxf4 Ke6 38. Rf3 Rd2+
39. Ke3 Ra2 40. Ke4 Ra1 41. Re3 Ra2 1/2-1/2

[Event "DMP - III LIGA SZACHOWA SENIOROW PK 2016"]
[Site "Czudec"]
[Date "2016.??.??"]
[Round "1.24"]
[White "Trybowska, Barbara"]
[Black "Starzec, Klaudia"]
[Result "0-1"]
[WhiteElo "1668"]
[BlackElo "1275"]
[Annotator "Szachy"]
[PlyCount "62"]
[EventDate "2016.??.??"]

1. e4 {[%emt 0:00:00]} c6 2. d4 d5 3. exd5 cxd5 4. Nf3 Nf6 5. Nc3 e6 6. a3 Be7
7. Bf4 a6 8. Bd3 Nc6 9. O-O O-O 10. Re1 b5 11. Ne2 Bb7 12. Ng3 Bd6 13. Be5 Bxe5
14. dxe5 Nd7 15. c3 f5 16. exf6 Qxf6 17. Bxh7+ Kxh7 18. Rxe6 Qd8 19. Qd3+ Kg8
20. Nh5 Nc5 21. Qg6 Nxe6 22. Qxe6+ Rf7 23. Re1 Qd7 24. Qg6 Qf5 25. Re6 Qxg6 26.
Rxg6 Re8 27. Rg5 d4 28. Kf1 d3 29. Rg6 Ne5 30. Nxe5 Rxe5 31. Rd6 Rxh5 0-1

[Event "DMP - III LIGA SZACHOWA SENIOROW PK 2016"]
[Site "Czudec"]
[Date "2016.??.??"]
[Round "1.25"]
[White "Zaskalski, Arkadiusz"]
[Black "Dubas, Leszek"]
[Result "1/2-1/2"]
[WhiteElo "2158"]
[BlackElo "2130"]
[PlyCount "26"]
[EventDate "2016.??.??"]

1. Nf3 g6 2. d4 Bg7 3. c4 d6 4. Nc3 e5 5. g3 Nc6 6. dxe5 dxe5 7. Qxd8+ Kxd8 8.
Bg2 Nd4 9. O-O Nxf3+ 10. Bxf3 c6 11. Ne4 Kc7 12. c5 Ne7 13. Rd1 f6 1/2-1/2

[Event "DMP - III LIGA SZACHOWA SENIOROW PK 2016"]
[Site "Czudec"]
[Date "2016.??.??"]
[Round "1.26"]
[White "Augustyn, Sebastian"]
[Black "Kopacz, Grzegorz"]
[Result "1/2-1/2"]
[WhiteElo "2106"]
[BlackElo "2145"]
[PlyCount "67"]
[EventDate "2016.??.??"]

1. e4 c5 2. Nf3 d6 3. d4 cxd4 4. Nxd4 Nf6 5. Nc3 g6 6. Be3 Bg7 7. f3 O-O 8. Qd2
Nc6 9. O-O-O d5 10. exd5 Nxd5 11. Nxc6 bxc6 12. Bd4 Nxc3 13. Qxc3 Bh6+ 14. Be3
Bxe3+ 15. Qxe3 Qb6 16. Qxe7 Be6 17. Qa3 Rfd8 18. Bd3 Rd5 19. Rhe1 Ra5 20. Qc3
Rxa2 21. b3 Ra5 22. Rxe6 fxe6 23. Bc4 Rd5 24. Bxd5 cxd5 25. Kb2 a5 26. Qd4
Qxd4+ 27. Rxd4 Rc8 28. c4 dxc4 29. bxc4 e5 30. Rd5 Rxc4 31. Rxa5 e4 32. Kb3 Rc1
33. fxe4 Re1 34. Ra2 1/2-1/2

[Event "DMP - III LIGA SZACHOWA SENIOROW PK 2016"]
[Site "Czudec"]
[Date "2016.??.??"]
[Round "1.27"]
[White "Kopacz, Lukasz"]
[Black "Handzel, Michal"]
[Result "1-0"]
[WhiteElo "1937"]
[BlackElo "1746"]
[Annotator "Szachy"]
[PlyCount "108"]
[EventDate "2016.??.??"]

1. c4 {[%emt 0:00:00]} e5 2. g3 f5 3. Bg2 Nf6 4. Nc3 Nc6 5. Rb1 a5 6. a3 g6 7.
d3 Bg7 8. e3 O-O 9. Nge2 Ne7 10. b4 d5 11. cxd5 axb4 12. Qb3 bxc3 13. d6+ Ned5
14. Bxd5+ Nxd5 15. Qxd5+ Kh8 16. Nxc3 c6 17. Qc5 Rf6 18. Bb2 Rxd6 19. O-O b6
20. Qb4 c5 21. Qb3 Be6 22. Qc2 Rxd3 23. Rbd1 c4 24. Na2 Rxd1 25. Rxd1 Qc7 26.
Qd2 Kg8 27. Qd6 Qxd6 28. Rxd6 Kf7 29. Rxb6 Ra7 30. Nb4 c3 31. Bxc3 Rxa3 32.
Rb7+ Kf8 33. Rc7 Ra5 34. f4 h6 35. Nd3 Rd5 36. Bxe5 Bxe5 37. Nxe5 g5 38. Rh7
Rd1+ 39. Kg2 g4 40. Rxh6 Ke7 41. h4 gxh3+ 42. Rxh3 Rd2+ 43. Kf1 Ra2 44. Rh7+
Kd6 45. Rg7 Kd5 46. Re7 Kd6 47. Re8 Kd5 48. Nd3 Kd6 49. Ne1 Kd7 50. Rb8 Bc4+
51. Kg1 Re2 52. Nf3 Bd5 53. Nd4 Rg2+ 54. Kf1 Be4 1-0

[Event "DMP - III LIGA SZACHOWA SENIOROW PK 2016"]
[Site "Czudec"]
[Date "2016.??.??"]
[Round "1.28"]
[White "Uryasz, Tomasz"]
[Black "Wilk, Tomasz"]
[Result "0-1"]
[WhiteElo "1582"]
[BlackElo "1843"]
[Annotator "Szachy"]
[PlyCount "46"]
[EventDate "2016.??.??"]

1. e4 {[%emt 0:00:00]} c5 {[%emt 0:00:00]} 2. Nf3 Nc6 3. d4 cxd4 4. Nxd4 g6 5.
Nc3 Bg7 6. Be3 Nf6 7. Qd2 O-O 8. O-O-O Ng4 9. Nxc6 bxc6 10. Bc4 Nxe3 11. Qxe3
Qa5 12. h4 Rb8 13. Bb3 h5 14. Ne2 d6 15. c4 Kh7 16. Kb1 Qb6 17. Qxb6 Rxb6 18.
Nd4 c5 19. Ne2 Bb7 {[%emt 0:00:00]} 20. f3 Bc6 21. Kc2 Rfb8 22. Rb1 e6 23. Rhd1
a6 0-1

[Event "DMP - III LIGA SZACHOWA SENIOROW PK 2016"]
[Site "Czudec"]
[Date "2016.??.??"]
[Round "1.29"]
[White "Zaskalski, Dawid"]
[Black "Tatarczany, Piotr"]
[Result "1-0"]
[WhiteElo "1911"]
[BlackElo "1548"]
[PlyCount "83"]
[EventDate "2016.??.??"]

1. e4 c5 2. c3 Nf6 3. e5 Nd5 4. d4 cxd4 5. cxd4 e6 6. Nc3 Nb6 7. Bd3 Nc6 8. Nf3
Be7 9. O-O O-O 10. Re1 d5 11. h4 f5 12. exf6 gxf6 13. a3 a6 14. Ne2 Kh8 15. Ng3
Rg8 16. Qd2 f5 17. Nh5 Rg4 18. Qe2 Qg8 19. g3 Bxh4 20. Nxh4 Rxh4 21. Bf4 Qg6
22. Be5+ Kg8 23. Nf6+ Kf7 24. Rac1 Bd7 25. Kg2 Nxd4 26. Qe3 Nc6 27. Rh1 Rxh1
28. Rxh1 Nxe5 29. Qxe5 h6 30. Nxd7 Nxd7 31. Qc7 Ke7 32. Qxb7 Rb8 33. Qc7 e5 34.
Rc1 Rb6 35. Qa7 e4 36. Rc7 Rd6 37. Bxa6 f4 38. Bb5 f3+ 39. Kf1 Qe6 40. Qc5 Kf6
41. Bxd7 Rxd7 42. Rc6 1-0

[Event "DMP - III LIGA SZACHOWA SENIOROW PK 2016"]
[Site "Czudec"]
[Date "2016.??.??"]
[Round "1.30"]
[White "Pedrak, Paulina"]
[Black "Godek, Martyna"]
[Result "1/2-1/2"]
[WhiteElo "1572"]
[BlackElo "1435"]
[Annotator "Szachy"]
[PlyCount "65"]
[EventDate "2016.??.??"]

1. e4 {[%emt 0:00:00]} e5 {[%emt 0:00:00]} 2. Nf3 Nc6 3. Bb5 Bc5 4. O-O d6 5.
h3 Bd7 6. c3 Nge7 7. d4 exd4 8. cxd4 Bb6 9. d5 Ne5 10. Bxd7+ Qxd7 11. Nxe5 dxe5
12. Qf3 O-O 13. Be3 Bxe3 14. Qxe3 c6 15. dxc6 Nxc6 16. Qd2 Qxd2 17. Nxd2 Rad8
18. Nf3 Rd6 19. Rfd1 Rfd8 20. Rxd6 Rxd6 21. Kf1 f6 22. Ke2 Kf7 23. Rd1 Rxd1 24.
Kxd1 Ke6 25. Kd2 Kd6 26. a3 a5 27. Kc3 Kc5 28. Nd2 Nd4 29. f3 Kb5 30. Nb3 Nxb3
31. Kxb3 h6 32. Kc3 b6 33. b3 1/2-1/2